Finis les paroles - SCH - Statistiques

Statistiques générales
  • Ce quiz a été pris 440 fois
  • Le résultat moyen est 6 sur 10
Statistiques - réponses
Hint Réponse % Correct
C’est Marseille,.... Bébé
98%
Si j’écoutais mon cœur, j’ferais des homicides, rien à foutre, mains tachées de... Sang
87%
Quand elle brille tout là-haut, elle nous voit je réalise à quel point le ciel est... Beau
82%
J’ai mes plus belles étoiles là-haut, mes amis derrière les.... Barreaux
75%
Quand le temps passe les plaies s’estompent, on oublie pas on vit.... Avec
65%
Ma santé pour un SMIC, j’préfère crever riche et... Solo
48%
J’voulais juste m’mettre à l’abri d’maman mais j’ai volé son.... Sommeil
46%
Ils ont compris qu’la caille c’était rien sans l'.... Time
42%
C'est qu'le mal est fait, mais ça m'a pas aidé, d'écouter ma... Rage
36%
L'enfer m'attend, vertu et vice, mais j'veux des habits neufs, et puis l'paradis serait triste, sans mes ... Rêves
8%
Aucun quiz correspondant
Distribution des résultats
% des personnes avec chaque résultat
Percentile par nombre de réponses
Votre historique - résultats
Vous n’avez pas pris ce quiz